NBA Players with the Most 60+ Point Games - Statistics

General Stats
  • This quiz has been taken 33 times
  • The average score is 22 of 39
Answer Stats
# of 60+ Answer % Correct
32 Wilt Chamberlain
100%
6 Kobe Bryant
97%
1 LeBron James
93%
2 Steph Curry
93%
4 Michael Jordan
83%
5 Damian Lillard
80%
4 James Harden
80%
2 Luka Doncic
80%
1 Giannis Antetokounmpo
70%
1 Jerry West
70%
1 Shaquille O'Neal
70%
1 David Thompson
67%
1 Klay Thompson
67%
1 Kyrie Irving
67%
1 Larry Bird
67%
1 Nikola Jokic
67%
2 Devin Booker
60%
1 Donovan Mitchell
60%
1 Joel Embiid
60%
1 Carmelo Anthony
57%
1 Tracy McGrady
57%
1 Allen Iverson
53%
1 David Robinson
53%
1 Karl Malone
53%
3 Elgin Baylor
47%
1 Jayson Tatum
47%
2 Karl-Anthony Towns
47%
1 George Gervin
43%
1 Rick Barry
43%
1 Bernard King
33%
1 Jalen Brunson
33%
1 Pete Maravich
33%
1 George Mikan
30%
1 Bradley Beal
27%
1 De'Aaron Fox
27%
1 Gilbert Arenas
23%
1 Kemba Walker
23%
1 Tom Chambers
23%
1 Joe Fulks
17%
No matching quizzes found
Score Distribution
Percent of People with Each Score
Percentile by Number Answered
Your Score History
You have not taken this quiz